Κατάλογος Βιβλιοθηκών Mediterranean College

Η Διεξαγωγή της Ποιοτικής Έρευνας (Record no. 7569)

MARC details
000 -LEADER
fixed length control field 01604cam a22001934a 4500
005 - ΗΜΕΡΟΜΗΝΙΑ ΚΑΙ ΩΡΑ ΤΕΛΕΥΤΑΙΑΣ ΕΝΗΜΕΡΩΣΗΣ
Πεδίο ελέγχου 20250605164312.0
008 - FIXED-LENGTH DATA ELEMENTS--GENERAL INFORMATION
Πεδίο ελέγχου σταθερού μήκους 250528s ||||||||||||||||||||||||d
035 ## - SYSTEM CONTROL NUMBER
System control number 22519
040 ## - ΠΗΓΗ ΚΑΤΑΛΟΓΟΓΡΑΦΗΣΗΣ
Φορέας πρωτότυπης καταλογογράφησης MC Athens Campus Library
Γλώσσα καταλογογράφησης Ελληνικά, Μοντέρνα (1453-)
Modifying agency MC Athens Campus Library
Κανόνες περιγραφικής καταλογογράφησης AACR2
245 1# - ΤΙΤΛΟΣ ΚΑΙ ΔΗΛΩΣΗ ΥΠΕΥΘΥΝΟΤΗΤΑΣ
Τίτλος Η Διεξαγωγή της Ποιοτικής Έρευνας
260 ## - PUBLICATION, DISTRIBUTION, ETC.
Name of publisher, distributor, etc. Πεδίο,
Date of publication, distribution, etc. 2011
300 ## - PHYSICAL DESCRIPTION
Extent 328
520 ## - SUMMARY, ETC.
Summary, etc. Το παρόν βιβλίο αποτελεί μια απλη, κατανοητή και πολύ εύχρηστη εισαγωγή στις ποιοτικές μεθόδους έρευνας. Πρόλογος ,Θέτοντας Δύσκολα Ερωτήματα που Αφορούν την Ποιοτική Έρευνα, Προγραμματισμος και Σχεδιασμός της Ποιοτικής Έρευνας, Παραγωγή Ποιοτικών Δεδομένων: Συνέντευξη, Παραγωγή Ποιοτικών Δεδομένων: Γραπτό και Οπτικό Ερευνητικό Υυλικό, Δειγματοληψία και Επιλογή, Κατάταξη και Οργάνωση και Ταξινόμηση Ποιοτικών Δεδομένων, Παραγωγή Πειστικών Αναλύσεων και Εξηγήσεων, Συμπέρασμα: Η Επαγγελματική Άσκηση της Ποιοτικής Έρευνας, Βιβλιογραφικές Αναφορές, Ευρετήριο Ονομάτων, Ευρετήριο Όρων και Θεμάτων.
700 1# - ΠΡΟΣΘΕΤΗ ΑΝΑΓΡΑΦΗ--ΦΥΣΙΚΟ ΠΡΟΣΩΠΟ
Personal name Mason Jennifer
9 (RLIN) 8319
700 1# - ΠΡΟΣΘΕΤΗ ΑΝΑΓΡΑΦΗ--ΦΥΣΙΚΟ ΠΡΟΣΩΠΟ
Personal name Κυριαζή Νότα
942 ## - ADDED ENTRY ELEMENTS (KOHA)
Koha item type Books
Holdings
Τύπος τεκμηρίου Βιβλιοθήκη Τρέχουσα τοποθεσία Barcode Αριθμός εισαγωγής Ημερομηνία απόκτησης Ταξιθετικό σύμβολο Αριθμός αντιτύπου Κατάσταση απόσυρσης Κατάσταση χαμένου Κατάσταση κατεστραμμένου Μη δανεισμός Σύνολο δανεισμών Ημερομηνία τελευταίας εμφάνισης Η τιμή ισχύει από
Books MC Athens Campus Library MC Athens Campus Library 9780000075680 6071 05/06/2025 300.72 MAS 1           05/06/2025 05/06/2025

MC Athens Campus Library
Πατησίων 94 & Κοδριγκτώνος 13, 104 34
Πελλήνης 8 & Πατησίων 107, 112 51
Τ: +30 210 8899600

MC Thessaloniki Campus Library
Ίωνος Δραγούμη 21, 54625 | Ίωνος Δραγούμη 15, 54625
Τ: +30 2310 287779 – Τ: +30 2314 440300